000 00318nam a2200169Ia 4500
100 _aSEGAL/ERICH
650 _aFiciton
942 _cBK
366 _f20
654 _aClass
245 _aThe Class
260 _bBantam Books
_c1988
082 _a808.83/SEG
300 _a531
546 _aENGLISH
999 _c31740
_d31740